Najpopularniejsi raperzy w tym tygodniu . 20-26.08.21 - Statystyki

Ogólne statystyki
  • Ten quiz został rozwiązany 193 razy
  • Średni wynik to 9 z 15
Statystyki odpowiedzi
Miejsce w poprzednim tygodniu Wyświetlenia Raper % Poprawnych
#6 3.87M Mata
94%
#7 3.71M Bedoes
86%
#4 3.81M White 2115
77%
#1 8.99M Kizo
71%
#17 2.31M Białas
61%
#3 4.74M Żabson
60%
#2 7.58M Sobel
58%
#11 2.46M Young Igi
58%
#16 2.35M Malik Montana
56%
#9 3.95M Reto
55%
#8 2.59M Young Leosia
48%
#5 3.95M Tymek
46%
#10 3.29M Paluch
38%
#12 2.81M Smolasty
37%
#14 2.52M Szpaku
36%
Nie znaleziono quizów pasujących do podanych kryteriów
Rozkład punktacji
Procent ludzi z każdym wynikiem
Percentyl według liczby udzielonych odpowiedzi
Twoja historia wyników
Nie rozwiązałeś tego quizu